Visualizzazione normale
Vista MARC
- Tamayo y Rubio, Juan
di Personal Name
Records bibliografici associati: 1
001 - CONTROL NUMBER
- control field: 22626
003 - CONTROL NUMBER IDENTIFIER
- control field: IT-RoINE
005 - DATE AND TIME OF LATEST TRANSACTION
- control field: 20160216093814.0
008 - FIXED-LENGTH DATA ELEMENTS
- fixed length control field: 160216|| aca||aabn | a|a d
040 ## - CATALOGING SOURCE
- Original cataloging agency: IT-RoINE
- Transcribing agency: IT-RoINE
100 ## - HEADING--PERSONAL NAME
- Personal name: Tamayo y Rubio, Juan
670 ## - SOURCE DATA FOUND
- Source citation: Work cat.: (IT-RoINE)0: Cadalso, José, 1741-1782 22625, Cartas marruecas /, 1956.